000 01035 a2200253 4500
020 _a0072320990
020 _a0072505036 (text and CD)
020 _a0071232494 (ISE)
090 _c6332
_d6332
100 1 _aJaeger, Richard C.
245 1 0 _aMicroelectronic circuit design /
_cRichard C. Jaeger, Travis N. Blalock.
250 _a2nd ed.
260 _aDubuque, Iowa :
_bMcGraw-Hill,
_c2003.
300 _axxv, 1506 p. :
_bill. (some col.) ;
_c27 cm.+
_e1CD-ROM (4 3/4 in.)
490 1 _aMcGraw-Hill electronics and VLSI circuits series.
500 _aIncludes index.
538 _aSystem requirements: Intel Pentium 90MHz or equivalent processor; 16MB RAM (32MB recommended), 90MB free hard disk space; Windows 98 or NT; CD-ROM drive.
650 0 _aIntegrated circuits
_xDesign and construction.
650 0 _aSemiconductors
_xDesign and construction.
650 0 _aElectronic circuit design.
700 1 _aBlalock, Travis N.
830 0 _aMcGraw-Hill series in electrical and computer engineering.
942 _cBK
_k621.3815 JAE
999 _c10163
_d10163